| 000 | 00594nam a2200217Ia 4500 | ||
|---|---|---|---|
| 005 | 20240207105636.0 | ||
| 008 | 131103s9999 xx 000 0 und d | ||
| 020 | _a039432186 3 | ||
| 040 | _aLoreto College | ||
| 041 | _aEnglish | ||
| 082 |
_a370.15 _bVAN |
||
| 100 | _aVander Zanden,James W. | ||
| 245 |
_aEducational Psychology, _cJames W. Vander Zanden |
||
| 260 |
_aNew York _bRandom House _c1980 |
||
| 300 |
_axvii,588 p. _b ill.,photos |
||
| 504 | _aIncludes references and index | ||
| 650 | _aEducation | ||
| 651 | _aEducational Psychology | ||
| 850 | _aLCLIB | ||
| 942 | _cBK | ||
| 999 |
_c3697 _d54176 |
||